Welcome to CU Library Online Public Access Catalogue (OPAC)

Statistics for the behavioral sciences : (Record no. 3882)

MARC details
000 -LEADER
fixed length control field 00791cam a2200241 a 4500
001 - CONTROL NUMBER
control field 2422357
005 - DATE AND TIME OF LATEST TRANSACTION
control field 20250214182331.0
008 - FIXED-LENGTH DATA ELEMENTS--GENERAL INFORMATION
fixed length control field 870731s1988 mnua b 001 0 eng
020 ## - INTERNATIONAL STANDARD BOOK NUMBER
International Standard Book Number 0314599967
020 ## - INTERNATIONAL STANDARD BOOK NUMBER
International Standard Book Number 9780314599964
050 00 - LIBRARY OF CONGRESS CALL NUMBER
Classification number BF39
Item number .G72 1988
082 00 - DEWEY DECIMAL CLASSIFICATION NUMBER
Classification number 519.5
Edition information 19
100 1# - MAIN ENTRY--PERSONAL NAME
Personal name Gravetter, Frederick J.
245 10 - TITLE STATEMENT
Title Statistics for the behavioral sciences :
Remainder of title a first course for students of psychology and education /
Statement of responsibility, etc. Frederick J. Gravetter, Larry B. Wallnau.
250 ## - EDITION STATEMENT
Edition statement 2nd ed.
260 ## - PUBLICATION, DISTRIBUTION, ETC.
Place of publication, distribution, etc. St. Paul, MN :
Name of publisher, distributor, etc. West Pub. Co.,
Date of publication, distribution, etc. c1988.
300 ## - PHYSICAL DESCRIPTION
Extent xii, 531 p. :
Other physical details col. ill. ;
Dimensions 27 cm.
500 ## - GENERAL NOTE
General note Includes index.
650 #0 - SUBJECT ADDED ENTRY--TOPICAL TERM
Topical term or geographic name entry element Psychology
General subdivision Statistical methods.
650 #0 - SUBJECT ADDED ENTRY--TOPICAL TERM
Topical term or geographic name entry element Educational statistics.
700 1# - ADDED ENTRY--PERSONAL NAME
Personal name Wallnau, Larry B.
942 ## - ADDED ENTRY ELEMENTS (KOHA)
Source of classification or shelving scheme Library of Congress Classification
Koha item type Books
Edition 2nd Ed.
Suppress in OPAC No
999 ## -
-- 3882
-- 3882
Holdings
Withdrawn status Lost status Source of classification or shelving scheme Damaged status Not for loan Collection Home library Current library Shelving location Date acquired Total checkouts Full call number Barcode Date last seen Copy number Price effective from Koha item type
    Library of Congress Classification     Non-fiction Business Library (Miotso) Business Library (Miotso) General stacks 02/14/2025   BF39 .G72 1988 BSSM00000817 02/14/2025 1 02/14/2025 Books
© 2023-2024 Copyright: Central University Libraries. All Rights Reserved | Created by: Mahone Tech Office